[Event "VEN-ch U18 Girls 3rd"]
[Site "San Antonio"]
[Date "2016.04.01"]
[Round "2.3"]
[White "Naranjo Nunez, Estefany"]
[Black "Ordonez, Mariexy De Los Ange"]
[Result "1-0"]
[WhiteElo "1582"]
[BlackElo "1631"]
[PlyCount "81"]
[EventDate "2016.04.01"]
[EventType "swiss"]
[EventRounds "7"]
[EventCountry "VEN"]
[SourceTitle "EXT 2022"]
[Source "ChessBase"]
[SourceDate "2021.10.06"]
[SourceVersion "1"]
[SourceVersionDate "2021.10.06"]
[SourceQuality "1"]

1. e4 c6 2. Nc3 d5 3. Qf3 d4 4. Bc4 e6 5. Nce2 b5 6. Bb3 Bb7 7. e5 Ne7 8. d3 Nf5 9. Bd2 Qc7 10. Qf4 Nd7 11. Nf3 c5 12. Ng3 Bxf3 13. Qxf3 Qxe5+ 14. Kd1 Qb8 15. Nxf5 exf5 16. Re1+ Kd8 17. Ba5+ Nb6 18. Bd5 Bd6 19. Bxa8 Kc7 20. Qc6+ Kd8 21. g3 f4 22. Re4 fxg3 23. hxg3 Bc7 24. Bxb6 Qxb6 25. Qd5+ Qd6 26. Qxd6+ Bxd6 27. Bc6 b4 28. a3 Kc7 29. Bd5 bxa3 30. Rxa3 Kb8 31. Bxf7 Rf8 32. Re8+ Rxe8 33. Bxe8 Kb7 34. Ke2 h6 35. Kf3 Kb6 36. Ke4 Be7 37. Kd5 g5 38. Rb3+ Kc7 39. Rb5 Bf8 40. Rxc5+ Bxc5 41. Kxc5 1-0

[Event "Caracas FVA 80th Ann"]
[Site "Caracas"]
[Date "2015.12.18"]
[Round "5"]
[White "Ordonez, Mariexy De Los Ange"]
[Black "Gonzalez Tascon, Lino Rafael"]
[Result "0-1"]
[WhiteElo "1590"]
[BlackElo "1818"]
[PlyCount "60"]
[EventDate "2015.12.16"]
[EventType "swiss"]
[EventRounds "8"]
[EventCountry "VEN"]
[SourceTitle "EXT 2018"]
[Source "ChessBase"]
[SourceDate "2017.10.13"]
[SourceVersion "1"]
[SourceVersionDate "2017.10.13"]
[SourceQuality "1"]

1. d4 Nf6 2. c4 g6 3. Nc3 Bg7 4. e4 d6 5. Be2 0-0 6. Bg5 Nbd7 7. Qd2 c6 8. f3 a6 9. g4 Re8 10. h4 h5 11. Nh3 b5 12. gxh5 Nxh5 13. Rg1 Qa5 14. Nf4 Nxf4 15. Bxf4 b4 16. Nd1 Nf6 17. Bh6 e5 18. Bg5 Nh5 19. Bh6 exd4 20. Bxg7 Kxg7 21. Qxd4+ Qe5 22. Qxe5+ dxe5 23. Ne3 Be6 24. c5 Red8 25. b3 a5 26. Rd1 Rxd1+ 27. Kxd1 a4 28. Kc2 axb3+ 29. axb3 Ra2+ 30. Kd3 Nf4# 0-1

[Event "Central America Carribean-ch U20 Girls"]
[Site "Porlamar"]
[Date "2015.08.26"]
[Round "6"]
[White "D'Alessio Herrera, Francheska"]
[Black "Ordonez, Mariexy De Los Ange"]
[Result "1-0"]
[WhiteElo "1652"]
[BlackElo "1586"]
[PlyCount "45"]
[EventDate "2015.08.22"]
[EventType "swiss"]
[EventRounds "9"]
[EventCountry "VEN"]
[SourceTitle "EXT 2018"]
[Source "ChessBase"]
[SourceDate "2017.10.13"]
[SourceVersion "1"]
[SourceVersionDate "2017.10.13"]
[SourceQuality "1"]

1. e4 e5 2. Nf3 Nf6 3. Nxe5 d6 4. Nf3 Nxe4 5. Bc4 Bg4 6. 0-0 Be7 7. d3 Nf6 8. Bg5 0-0 9. Nbd2 Nbd7 10. Re1 Re8 11. c3 c6 12. d4 Qc7 13. Qc2 d5 14. Bd3 Bd6 15. c4 dxc4 16. Bxc4 Re7 17. Rxe7 Bxe7 18. Re1 Re8 19. Qb3 Be6 20. Bxe6 fxe6 21. Rxe6 Kf8 22. Ne5 c5 23. Rxf6+ 1-0